<?xml version="1.0" encoding="UTF-8"?>
<record
    xmlns:xsi="http://www.w3.org/2001/XMLSchema-instance"
    xsi:schemaLocation="http://www.loc.gov/MARC21/slim http://www.loc.gov/standards/marcxml/schema/MARC21slim.xsd"
    xmlns="http://www.loc.gov/MARC21/slim">

  <leader>01882nam a2200289 a 4500</leader>
  <controlfield tag="001">000022400</controlfield>
  <controlfield tag="003">OSt</controlfield>
  <controlfield tag="005">20250526114442.0</controlfield>
  <controlfield tag="008">101007s2002    dr a          000 0 spa d</controlfield>
  <datafield tag="020" ind1=" " ind2=" ">
    <subfield code="a">9993488615</subfield>
  </datafield>
  <datafield tag="040" ind1=" " ind2=" ">
    <subfield code="a">DO-SdBNP</subfield>
    <subfield code="b">spa</subfield>
    <subfield code="c">BNPHU</subfield>
  </datafield>
  <datafield tag="082" ind1=" " ind2=" ">
    <subfield code="a">155.937</subfield>
    <subfield code="b">B828c</subfield>
  </datafield>
  <datafield tag="100" ind1="1" ind2=" ">
    <subfield code="a">Brea Franco, Rosa Mariana</subfield>
    <subfield code="9">46192</subfield>
  </datafield>
  <datafield tag="245" ind1="1" ind2="3">
    <subfield code="a">El duelo :</subfield>
    <subfield code="b">un camino hacia la transformaci&#xF3;n /</subfield>
    <subfield code="c">Rosa Mariana Brea Franco ; pr&#xF3;logo Lino Romero.</subfield>
  </datafield>
  <datafield tag="260" ind1=" " ind2=" ">
    <subfield code="a">Santo Domingo :</subfield>
    <subfield code="b">Edici&#xF3;n Gisela Vargas y Asociados,</subfield>
    <subfield code="c">2002.</subfield>
    <subfield code="b">il.</subfield>
  </datafield>
  <datafield tag="300" ind1=" " ind2=" ">
    <subfield code="a">272 p. ;</subfield>
    <subfield code="c">26 cm.</subfield>
  </datafield>
  <datafield tag="500" ind1=" " ind2=" ">
    <subfield code="a">Incluye datos biogr&#xE1;ficos de la autora en la solapa de la cubierta.</subfield>
  </datafield>
  <datafield tag="505" ind1="0" ind2=" ">
    <subfield code="a">El significado de las crisis --El proceso de duelo -- El duelo al microscopio -- Teor&#xED;a que sustenta al duelo -- Factores que influencian al duelo - Factor social -- Diferencias masculinas y femeninas en el duelo - El factor tiempo en el duelo -- Diferentes tipos de muertes -- &#xBF;Qui&#xE9;n muere? -- La muerte del conyugue -- La muerte de los padres - La muerte de un hijo -- La muerte de un hermano o hermana - La importancia del funeral - Los ni&#xF1;os y el proceso del duelo - El enfermo terminal - Otras p&#xE9;rdidas significativas - La crisis del divorcio -- &#xBF;Como explicarles a los ni&#xF1;os de divorcio ?-- La ayuda psicol&#xF3;gica -- Conclusi&#xF3;n.Factores que influencian al duelo -- Diferentes tipos de muertes -- &#xBF;Qui&#xE9;n muere? -- La importancia del funeral -- Los ni&#xF1;os y el proceso de duelo -- El enfermo terminal -- Otras perdidas significativas -- La crisis del divorcio -- La ayuda psicol&#xF3;gica -- Conclusi&#xF3;n.</subfield>
  </datafield>
  <datafield tag="590" ind1=" " ind2=" ">
    <subfield code="a">Inventariado, 2018/LP</subfield>
  </datafield>
  <datafield tag="650" ind1=" " ind2="0">
    <subfield code="a">Duelo</subfield>
    <subfield code="9">46193</subfield>
  </datafield>
  <datafield tag="650" ind1=" " ind2="4">
    <subfield code="a">Muerte</subfield>
    <subfield code="9">11503</subfield>
  </datafield>
  <datafield tag="650" ind1=" " ind2="0">
    <subfield code="a">P&#xE9;rdida (Psicolog&#xED;a)</subfield>
    <subfield code="9">46194</subfield>
  </datafield>
  <datafield tag="650" ind1=" " ind2="4">
    <subfield code="a">Divorcio</subfield>
    <subfield code="x">Aspectos psicol&#xF3;gicos</subfield>
    <subfield code="9">46195</subfield>
  </datafield>
  <datafield tag="700" ind1="1" ind2="2">
    <subfield code="a">Romero, Lino,</subfield>
    <subfield code="e">pr&#xF3;l.</subfield>
    <subfield code="9">46196</subfield>
  </datafield>
  <datafield tag="910" ind1=" " ind2=" ">
    <subfield code="a">Validado. Control de calidad MFF</subfield>
  </datafield>
  <datafield tag="942" ind1=" " ind2=" ">
    <subfield code="2">ddc</subfield>
    <subfield code="c">LBS1</subfield>
  </datafield>
  <datafield tag="952" ind1=" " ind2=" ">
    <subfield code="0">0</subfield>
    <subfield code="1">0</subfield>
    <subfield code="2">ddc</subfield>
    <subfield code="5">6</subfield>
    <subfield code="7">0</subfield>
    <subfield code="8">DS</subfield>
    <subfield code="a">BNPHU</subfield>
    <subfield code="b">GR</subfield>
    <subfield code="c">HD</subfield>
    <subfield code="d">2010-10-07</subfield>
    <subfield code="l">0</subfield>
    <subfield code="o">BNPHU DS 155.937 B828c</subfield>
    <subfield code="p">22400-30</subfield>
    <subfield code="r">2020-06-25</subfield>
    <subfield code="t">e. 3</subfield>
    <subfield code="w">2020-06-25</subfield>
    <subfield code="y">LFDS</subfield>
  </datafield>
  <datafield tag="952" ind1=" " ind2=" ">
    <subfield code="0">0</subfield>
    <subfield code="1">0</subfield>
    <subfield code="2">ddc</subfield>
    <subfield code="5">1</subfield>
    <subfield code="7">1</subfield>
    <subfield code="8">PD</subfield>
    <subfield code="a">BNPHU</subfield>
    <subfield code="b">PD</subfield>
    <subfield code="c">HD</subfield>
    <subfield code="d">2010-10-07</subfield>
    <subfield code="l">0</subfield>
    <subfield code="o">BNPHU PD 155.937 B828c</subfield>
    <subfield code="p">22400-10</subfield>
    <subfield code="r">2020-06-25</subfield>
    <subfield code="w">2020-06-25</subfield>
    <subfield code="y">LFPD</subfield>
  </datafield>
  <datafield tag="952" ind1=" " ind2=" ">
    <subfield code="0">0</subfield>
    <subfield code="1">0</subfield>
    <subfield code="2">ddc</subfield>
    <subfield code="5">1</subfield>
    <subfield code="7">2</subfield>
    <subfield code="8">PD</subfield>
    <subfield code="a">BNPHU</subfield>
    <subfield code="b">PD</subfield>
    <subfield code="c">HD</subfield>
    <subfield code="d">2010-10-07</subfield>
    <subfield code="l">0</subfield>
    <subfield code="o">BNPHU PD 155.937 B828c</subfield>
    <subfield code="p">22400-20</subfield>
    <subfield code="r">2020-06-25</subfield>
    <subfield code="t">e.2</subfield>
    <subfield code="w">2020-06-25</subfield>
    <subfield code="y">LFPD</subfield>
  </datafield>
  <datafield tag="952" ind1=" " ind2=" ">
    <subfield code="0">0</subfield>
    <subfield code="1">0</subfield>
    <subfield code="2">ddc</subfield>
    <subfield code="5">6</subfield>
    <subfield code="7">0</subfield>
    <subfield code="8">DS</subfield>
    <subfield code="a">BNPHU</subfield>
    <subfield code="b">PD</subfield>
    <subfield code="c">HD</subfield>
    <subfield code="d">2020-03-05</subfield>
    <subfield code="e">Donado por Lourdes Delgado</subfield>
    <subfield code="l">0</subfield>
    <subfield code="o">BNPHU DS 155.937 B828c</subfield>
    <subfield code="p">2021-0431</subfield>
    <subfield code="r">2021-02-24</subfield>
    <subfield code="t">e.4</subfield>
    <subfield code="w">2021-02-24</subfield>
    <subfield code="y">LFDS</subfield>
  </datafield>
  <datafield tag="999" ind1=" " ind2=" ">
    <subfield code="c">21898</subfield>
    <subfield code="d">21898</subfield>
  </datafield>
</record>
